Le Prado II

में बचाया:
ग्रंथसूची विवरण
मुख्य लेखक: Manuel Lorente
स्वरूप: पुस्तक
भाषा:Undetermined
प्रकाशित: Paris Larousse 1965
विषय:
टैग : टैग जोड़ें
कोई टैग नहीं, इस रिकॉर्ड को टैग करने वाले पहले व्यक्ति बनें!
Thư viện lưu trữ: Trung tâm Học liệu Trường Đại học Cần Thơ
LEADER 00447nam a2200181Ia 4500
001 CTU_26649
008 210402s9999 xx 000 0 und d
082 |a 750 
082 |b L868 
100 |a Manuel Lorente 
245 0 |a Le Prado II 
245 0 |c Manuel Lorente 
260 |a Paris 
260 |b Larousse 
260 |c 1965 
650 |a le prado,paintings 
904 |i Minh, 981016 
980 |a Trung tâm Học liệu Trường Đại học Cần Thơ